| 000 | 00523nam a22001817a 4500 | ||
|---|---|---|---|
| 005 | 20250917110844.0 | ||
| 008 | 140225b xxu||||| |||| 00| 0 eng d | ||
| 050 |
_aBL2018 _b.L64 1966 |
||
| 100 | _aLoehlin, Clinton Herbert, 1897- | ||
| 245 | _aThe Christian approach to the Sikh, | ||
| 260 |
_aLondon, _bEdinburgh House P., _c1966. |
||
| 300 |
_a80 p. ; _bmap _c19 cm. |
||
| 440 | _aChristian approach series | ||
| 500 | _aBibliography: p. 80. | ||
| 650 | _aSikhism | ||
| 650 | _aMissions, Sikhs | ||
| 942 |
_2lcc _cBK |
||
| 999 |
_c43177 _d43177 |
||